02771nam a22004335a 4500999001700000003000900017005001700026008004100043020001500084020001800099040004300117082002100160245009400181250002000275264005000295264001000345300004500355336002600400337002800426338002700454490003000481500016500511504004000676520079700716650004101513650006501554650007201619650004701691650008101738650005701819651001001876653002701886653002601913655002401939700003701963942002902000952015402029952015402183 c22118d22090EG-ScBUE20210307092723.0160807t1997 nyua f b 000 0 eng d a0393963349 a9780393963342 aEG-ScBUEbengcEG-ScBUEdEG-ScBUEerda04a822.052bRES22200aRestoration and eighteenth-century comedy /cedited by Scot Mcmillan, Cornell University. aSecond edition. 1aNew York ;bW. W. Norton and Company,c[1997] 4cc1997 axv, 628 pages :billustrations ;c22 cm. 2rdacontentatextbtxt 2rdamediaaunmediatedbn 2rdacarrieravolumebnc0 aA Norton critical edition a"Authoritative texts of: The country wife, The man of mode, The rover, The way of the world, The conscious lovers, The school for scandal; contexts, criticism." aIncludes bibliographical reference. aThe plays are fully annotated for the modern reader and are accompanied by six illustrations. The close relationship between theater and society during the period continues to be the focus of "Contexts." The editor offers contemporary discussions of the following topics: "On Wit, Humour, and Laughter: 1660-1775," "The Collier Controversy: 1698," "Steele and Dennis: On The Man of Mode and The Conscious Lovers," and "Stages, Actors, and Audiences." "Criticism" has been revised to reflect approaches in scholarly interpretations. Two seminal essays from the First Edition have been retained--Charles Lamb's appreciation of the period's comedy and L. C. Knights's condemnation of it. New essays by Jocelyn Powell, Harriet Hawkins, Elin Diamond, Martin Price, and Laura Brown have been added. 72BUEsh940657aEnglish drama (Comedy) 7940658aEnglish drama (Comedy)xHistory and criticism.2BUEsh 7940659aEnglish drama y18th century xHistory and criticism.2BUEsh 7940660aEnglish dramay18th century.2BUEsh 7940661aEnglish dramayRestoration, 1660-1700 xHistory and criticism.2BUEsh 7940663aEnglish dramayRestoration, 1660-1700.2BUEsh 2BUEsh cAugust 2016 bHHUUEENN bHHUUEENNcOctober2016 vReading book9342321 940664aMcMillin, Scott.eeditor. 2ddce22k822.052 REScBB 00102ddc40708BaccahaMAINbMAINc2NDd2016-08-07ePurchaseg224.00h25868l0o822.052 RESp000033102r2025-07-15 00:00:00v280.00w2016-08-07yBB 00102ddc40708BaccahaMAINbMAINc2NDd2016-10-13ePurchaseg236.00h26103l0o822.052 RESp000033940r2025-07-15 00:00:00v296.00w2016-10-13yBB